|
|
|
|
| LEADER |
00000nam0a2200000 4500 |
| 001 |
299127 |
| 005 |
20231102001155.0 |
| 020 |
|
|
|a RU
|b 82-56758
|
| 035 |
|
|
|a (RuTPU)RU\TPU\book\324279
|
| 090 |
|
|
|a 299127
|
| 100 |
|
|
|a 20150624d1982 k y0rusy5003 ca
|
| 101 |
0 |
|
|a rus
|
| 102 |
|
|
|a UA
|
| 105 |
|
|
|a ab z 000zy
|
| 200 |
1 |
|
|a Экономика шахтного строительства
|e сборник научных трудов ВНИИОМШСа
|f Всесоюзный научно-исследовательский институт организации и механизации шахтного строительства ; под ред. Ю. П. Шутько
|
| 210 |
|
|
|a Харьков
|c Изд-во ВНИИОМШС
|d 1982
|
| 215 |
|
|
|a 64 с.
|c ил.
|
| 606 |
1 |
|
|a Шахтное строительство, предприятия
|x Управление
|2 stltpush
|3 (RuTPU)RU\TPU\subj\19051
|9 44375
|
| 610 |
1 |
|
|a угольная промышленность
|
| 610 |
1 |
|
|a организация
|
| 610 |
1 |
|
|a механизация
|
| 610 |
1 |
|
|a проектирование
|
| 610 |
1 |
|
|a прогнозирование
|
| 610 |
1 |
|
|a производственные мощности
|
| 610 |
1 |
|
|a экономическая эффективность
|
| 675 |
|
|
|a 622.333.012.2:69
|v 4
|
| 702 |
|
1 |
|a Шутько
|b Ю. П.
|g Юрий Петрович
|4 340
|
| 712 |
0 |
2 |
|a Всесоюзный научно-исследовательский институт организации и механизации шахтного строительства
|2 stltpush
|3 (RuTPU)RU\TPU\col\12822
|9 25534
|
| 801 |
|
0 |
|a RU
|b RuMRKP
|c 19950704
|g psbo
|
| 801 |
|
1 |
|a RU
|b 63413507
|c 20150624
|
| 801 |
|
2 |
|a RU
|b 63413507
|c 20191128
|g RCR
|
| 942 |
|
|
|c BK
|